Nicknames in World History - Statistics

General Stats
  • This quiz has been taken 37,621 times
  • The average score is 12 of 21
Answer Stats
Nickname Lifespan Real Name % Correct
The Iron Lady 1925–2013 Margaret Thatcher
89%
The Virgin Queen 1533–1603 Elizabeth I
87%
The British Bulldog 1874–1965 Winston Churchill
86%
The Impaler 1428–1476 Vlad III
84%
Lionheart 1157–1199 Richard I
79%
Che 1928–1967 Ernesto Guevara
75%
The Maid of Orleans 1412–1431 Joan of Arc
65%
The Sun King 1638–1715 Louis XIV
65%
The Little Corporal 1769–1821 Napoleon
61%
The Bard 1564–1616 William Shakespeare
59%
Evita 1919–1952 Eva Perón
58%
The Desert Fox 1891–1944 Erwin Rommel
57%
The Iron Chancellor 1815–1898 Otto von Bismarck
50%
The Mad Monk 1869–1916 Grigori Rasputin
47%
Longshanks 1239–1307 Edward I
45%
Madiba 1918–2013 Nelson Mandela
43%
The Scourge of God 406–453 Atilla the Hun
32%
Bluetooth ?–986 Harold I of Denmark
32%
The Unready 966–1016 Ethelred II
29%
Africanus 235 BC– 183 BC Publius Cornelius Scipio
27%
The Red Baron 1892–1918 Manfred von Richthofen
25%
No matching quizzes found
Score Distribution
Percent of People with Each Score
Percentile by Number Answered
Your Score History
You have not taken this quiz